[Event "Tradewise Gibraltar Masters 14th"]
[Site "Gibraltar"]
[Date "2016.02.01"]
[Round "7.3"]
[White "Vidit, Santosh Gujrathi"]
[Black "Yu Yangyi"]
[Result "1/2-1/2"]
[WhiteElo "2642"]
[BlackElo "2747"]
[PlyCount "120"]
[EventDate "2016.01.26"]
[EventType "swiss"]
[EventRounds "10"]
[EventCountry "GGB"]
[Source "www.saund.co.uk"]
[SourceDate "2005.02.07"]

1. d4 Nf6 2. c4 e6 3. Nc3 Bb4 4. Qc2 d5 5. cxd5 exd5 6. Bg5 h6 7. Bh4 c5 8.
dxc5 g5 9. Bg3 Ne4 10. e3 Qa5 11. Be5 O-O 12. Bd3 Nc6 13. Bxe4 Nxe5 14. Bxd5
Bf5 15. Qxf5 Bxc3+ 16. Kf1 Rfd8 17. Rd1 Qxc5 18. e4 Qc4+ 19. Ne2 Bxb2 20. g4
Qc2 21. Re1 Rxd5 22. exd5 Nd3 23. Kg2 Nxe1+ 24. Rxe1 Qd2 25. Kf1 Re8 26. Qd7
Kf8 27. Qb5 Ba3 28. Qc4 Re5 29. Qd4 Qxd4 30. Nxd4 Rxd5 31. Nf5 h5 32. Ne3 Re5
33. gxh5 Bc5 34. Rc1 Bxe3 35. fxe3 Rxe3 36. Rc8+ Kg7 37. Rc7 Rh3 38. Kg2 Rxh5
39. Rxb7 a6 40. Rc7 Rh4 41. Rc5 Ra4 42. Rxg5+ Kh6 43. Rf5 Rxa2+ 44. Kg3 Kg6 45.
Rc5 a5 46. h4 Ra1 47. h5+ Kg7 48. Rf5 a4 49. h6+ Kxh6 50. Rxf7 Kg6 51. Rf8 Kg5
52. Rf3 Re1 53. Kf2 Re4 54. Rc3 Kf5 55. Rc5+ Ke6 56. Ra5 Kd6 57. Kf3 Rh4 58.
Ke3 Kc6 59. Kd3 Kb6 60. Ra8 Kb5 1/2-1/2

[Event "Tradewise Gibraltar Masters 14th"]
[Site "Gibraltar"]
[Date "2016.02.01"]
[Round "7.4"]
[White "Rapport, Richard"]
[Black "Anton Guijarro, David"]
[Result "0-1"]
[WhiteElo "2721"]
[BlackElo "2639"]
[PlyCount "82"]
[EventDate "2016.01.26"]
[EventType "swiss"]
[EventRounds "10"]
[EventCountry "GGB"]
[Source "www.saund.co.uk"]
[SourceDate "2005.02.07"]

1. g3 c5 2. Bg2 Nc6 3. e4 g6 4. d3 Bg7 5. f4 d6 6. Nh3 Nf6 7. O-O O-O 8. Nf2
Nd7 9. Nd2 Rb8 10. h4 b5 11. h5 b4 12. Nf3 Nf6 13. hxg6 hxg6 14. Nh4 Nh5 15.
Nf5 e5 16. fxe5 dxe5 17. c3 c4 18. Nxg7 Kxg7 19. Qf3 cxd3 20. Nxd3 bxc3 21.
bxc3 Ba6 22. Rd1 Bxd3 23. Rxd3 Qe7 24. Be3 Na5 25. Rad1 Nc4 26. Rd7 Qf6 27.
Bxa7 Rb2 28. Qd3 Nb6 29. Rf1 Nxd7 30. Qxd7 Qe6 31. Qxe6 fxe6 32. Rxf8 Kxf8 33.
Kh2 Rxa2 34. Bb8 Nf6 35. Kh3 Nd7 36. Bd6+ Kf7 37. Bf1 Rd2 38. Bc7 Rc2 39. Ba5
Nc5 40. Bc7 Nxe4 41. Bxe5 Rc1 0-1

[Event "Tradewise Gibraltar Masters 14th"]
[Site "Gibraltar"]
[Date "2016.02.01"]
[Round "7.5"]
[White "Gupta, Abhijeet"]
[Black "Bacrot, Etienne"]
[Result "1/2-1/2"]
[WhiteElo "2613"]
[BlackElo "2697"]
[PlyCount "60"]
[EventDate "2016.01.26"]
[EventType "swiss"]
[EventRounds "10"]
[EventCountry "GGB"]
[Source "www.saund.co.uk"]
[SourceDate "2005.02.07"]

1. d4 d5 2. c4 e6 3. Nc3 Be7 4. Nf3 Nf6 5. Bg5 h6 6. Bh4 O-O 7. e3 Ne4 8. Bxe7
Qxe7 9. Rc1 c6 10. Qc2 Nxc3 11. Qxc3 dxc4 12. Bxc4 b6 13. Be2 Bb7 14. Ne5 c5
15. O-O cxd4 16. Qxd4 Na6 17. Nc6 Bxc6 18. Bxa6 Bb7 19. Bxb7 Qxb7 20. Rfd1 Rac8
21. h3 Rxc1 22. Rxc1 Rc8 23. Rd1 Qc6 24. a3 a5 25. a4 b5 26. axb5 Qxb5 27. Ra1
Rb8 28. Qc3 Qxb2 29. Qxb2 Rxb2 30. Rxa5 Rb1+ 1/2-1/2

[Event "Tradewise Gibraltar Masters 14th"]
[Site "Gibraltar"]
[Date "2016.02.01"]
[Round "7.6"]
[White "Nakamura, Hikaru"]
[Black "Lenic, Luka"]
[Result "1/2-1/2"]
[WhiteElo "2787"]
[BlackElo "2611"]
[PlyCount "73"]
[EventDate "2016.01.26"]
[EventType "swiss"]
[EventRounds "10"]
[EventCountry "GGB"]
[Source "www.saund.co.uk"]
[SourceDate "2005.02.07"]

1. c4 e6 2. Nc3 Nf6 3. e4 d5 4. cxd5 exd5 5. e5 Ne4 6. d4 Bb4 7. Qa4+ Nc6 8.
Bb5 O-O 9. Bxc6 a5 10. Nge2 bxc6 11. O-O Ba6 12. Rd1 c5 13. Qc2 Nxc3 14. Nxc3
Re8 15. a3 Bxc3 16. Qxc3 cxd4 17. Rxd4 Rxe5 18. Bf4 Re2 19. Rad1 Qf6 20. Rxd5
Qxf4 21. Rd8+ Re8 22. Rxa8 Rxa8 23. Qc6 Rb8 24. Qxa6 Qe5 25. Qb7 c5 26. Qd5
Qxd5 27. Rxd5 c4 28. Kf1 Kf8 29. Rd2 Ke7 30. Ke2 Ke6 31. Kd1 c3 32. bxc3 Rb3
33. Kc2 a4 34. Rd4 Rxa3 35. Kb2 Rb3+ 36. Kc2 Ra3 37. Kb2 1/2-1/2

[Event "Tradewise Gibraltar Masters 14th"]
[Site "Gibraltar"]
[Date "2016.02.01"]
[Round "7.7"]
[White "Li Chao B"]
[Black "Bachmann, Axel"]
[Result "1-0"]
[WhiteElo "2751"]
[BlackElo "2610"]
[PlyCount "121"]
[EventDate "2016.01.26"]
[EventType "swiss"]
[EventRounds "10"]
[EventCountry "GGB"]
[Source "www.saund.co.uk"]
[SourceDate "2005.02.07"]

1. d4 Nf6 2. c4 e6 3. g3 Bb4+ 4. Bd2 a5 5. Bg2 d6 6. Nf3 Nbd7 7. O-O e5 8. dxe5
dxe5 9. Nc3 c6 10. Qc2 O-O 11. a3 Be7 12. Rad1 Qc7 13. Na4 b6 14. Be3 Rb8 15.
h3 Ba6 16. Rd2 Rfc8 17. Rfd1 h6 18. h4 Re8 19. Bh3 Bc8 20. Bf5 Nc5 21. Bxc8
Qxc8 22. Nxe5 Qh3 23. Nxc5 Bxc5 24. Bxc5 Rxe5 25. Rd8+ Re8 26. Rxb8 Rxb8 27.
Bxb6 Ng4 28. Qe4 f5 29. Qxc6 Rxb6 30. Qc8+ Kf7 31. Qxf5+ Rf6 32. Qd5+ Re6 33.
Qf3+ Kg6 34. Rd4 h5 35. c5 Rf6 36. Rd6 Rxd6 37. cxd6 Nf6 38. e4 Qe6 39. Qf4 a4
40. e5 Ng4 41. Qe4+ Kf7 42. Qb7+ Ke8 43. f4 Qd7 44. Qa8+ Kf7 45. Qd5+ Kg6 46.
Qd3+ Kh6 47. Qd2 Qa7+ 48. Kf1 Qb7 49. Qc3 Qh1+ 50. Ke2 Qg2+ 51. Kd3 Qxg3+ 52.
Ke4 Qxh4 53. Kd5 Qd8 54. Qc7 Qg8+ 55. Kd4 Qb3 56. d7 Qxb2+ 57. Kc5 Qxa3+ 58.
Kb6 Qb2+ 59. Ka7 a3 60. d8=Q a2 61. Qg5+ 1-0

[Event "Tradewise Gibraltar Masters 14th"]
[Site "Gibraltar"]
[Date "2016.02.01"]
[Round "7.9"]
[White "Perez Ponsa, Federico"]
[Black "Wojtaszek, Radoslaw"]
[Result "0-1"]
[WhiteElo "2577"]
[BlackElo "2727"]
[PlyCount "136"]
[EventDate "2016.01.26"]
[EventType "swiss"]
[EventRounds "10"]
[EventCountry "GGB"]
[Source "www.saund.co.uk"]
[SourceDate "2005.02.07"]

1. e4 e5 2. Nf3 Nc6 3. Bb5 a6 4. Ba4 Nf6 5. O-O Be7 6. Re1 b5 7. Bb3 d6 8. c3
O-O 9. h3 Bb7 10. d4 Re8 11. Nbd2 Bf8 12. a3 g6 13. Ba2 Bg7 14. b4 exd4 15.
cxd4 a5 16. Qb3 Qd7 17. Bb2 axb4 18. axb4 Ra4 19. Bc3 Nh5 20. e5 Nf4 21. exd6
Rxe1+ 22. Rxe1 cxd6 23. d5 Ne5 24. Bxe5 dxe5 25. Nxe5 Qxd5 26. Qxd5 Bxd5 27.
Bxd5 Nxd5 28. Nc6 Nxb4 29. Re8+ Bf8 30. Ne5 Kg7 31. Rb8 Ra1+ 32. Nf1 Nd5 33.
Rxb5 Nc3 34. Rb2 Bc5 35. Nd3 Bd4 36. g3 Ne4 37. Rb4 Nxg3 38. Kg2 Nf5 39. Ng3
Nh4+ 40. Kh2 Bf6 41. Ne4 Be7 42. Rb7 Nf5 43. Kg2 Ra4 44. Ng3 Nh4+ 45. Kf1 Bd6
46. Rd7 Ra1+ 47. Ke2 Ra2+ 48. Ke3 Bb8 49. Ne4 h6 50. Rb7 Ba7+ 51. Kf4 g5+ 52.
Kg4 Ra4 53. f3 Bd4 54. Nf4 gxf4 55. Kxh4 Kg6 56. Rd7 Be5 57. Rd1 Ra3 58. Rg1+
Kf5 59. Rf1 h5 60. Rf2 Rb3 61. Rf1 Ra3 62. Rf2 Bc7 63. Rf1 Rd3 64. Rf2 Kg6 65.
Rg2+ Kh6 66. Nf6 Rd6 67. Rg8 Rxf6 68. Rg6+ Kh7 0-1

[Event "Tradewise Gibraltar Masters 14th"]
[Site "Gibraltar"]
[Date "2016.02.01"]
[Round "7.10"]
[White "Ni Hua"]
[Black "Vazquez Igarza, Renier"]
[Result "1-0"]
[WhiteElo "2697"]
[BlackElo "2572"]
[PlyCount "69"]
[EventDate "2016.01.26"]
[EventType "swiss"]
[EventRounds "10"]
[EventCountry "GGB"]
[Source "www.saund.co.uk"]
[SourceDate "2005.02.07"]

1. d4 Nf6 2. c4 e6 3. g3 c5 4. d5 exd5 5. cxd5 d6 6. Nc3 g6 7. Nf3 Bg7 8. Bg2
O-O 9. O-O Nbd7 10. Bf4 Qe7 11. h3 Ne8 12. Qd2 Nc7 13. a4 Rb8 14. e4 f6 15.
Rfe1 Ne5 16. Nxe5 fxe5 17. Be3 b6 18. Nb1 Na6 19. Na3 Nb4 20. Nc4 Ba6 21. b3 h5
22. h4 Kh7 23. Rf1 Rf7 24. Bg5 Bf6 25. f4 exf4 26. gxf4 Rbf8 27. Rae1 Qd7 28.
e5 dxe5 29. fxe5 Bxg5 30. Rxf7+ Qxf7 31. hxg5 Bxc4 32. e6 Qe7 33. bxc4 Rd8 34.
Rf1 Kg8 35. Rf6 1-0

[Event "Tradewise Gibraltar Masters 14th"]
[Site "Gibraltar"]
[Date "2016.02.01"]
[Round "7.11"]
[White "Tari, Aryan"]
[Black "Almasi, Zoltan"]
[Result "1-0"]
[WhiteElo "2556"]
[BlackElo "2684"]
[PlyCount "49"]
[EventDate "2016.01.26"]
[EventType "swiss"]
[EventRounds "10"]
[EventCountry "GGB"]
[Source "www.saund.co.uk"]
[SourceDate "2005.02.07"]

1. d4 Nf6 2. c4 e6 3. Nc3 Bb4 4. Nf3 b6 5. e3 Ne4 6. Qc2 Bb7 7. Bd3 f5 8. O-O
Bxc3 9. bxc3 O-O 10. Nd2 Qh4 11. f3 Ng5 12. f4 Nf7 13. Ba3 d6 14. e4 Nh6 15.
Rae1 Nd7 16. Nf3 Qh5 17. Ng5 Rae8 18. exf5 exf5 19. Ne6 Rf6 20. d5 c5 21. Qa4
Rfxe6 22. Rxe6 Rxe6 23. Qxd7 Re3 24. Qxb7 Qe8 25. Qc6 1-0

[Event "Tradewise Gibraltar Masters 14th"]
[Site "Gibraltar"]
[Date "2016.02.01"]
[Round "7.12"]
[White "Sethuraman, S.P."]
[Black "Kelires, Andreas"]
[Result "1-0"]
[WhiteElo "2639"]
[BlackElo "2444"]
[PlyCount "49"]
[EventDate "2016.01.26"]
[EventType "swiss"]
[EventRounds "10"]
[EventCountry "GGB"]
[Source "www.saund.co.uk"]
[SourceDate "2005.02.07"]

1. e4 c5 2. Nf3 d6 3. d4 cxd4 4. Nxd4 Nf6 5. Nc3 a6 6. h3 Nc6 7. g4 Qb6 8. Nb3
e6 9. g5 Nd7 10. Bf4 Qc7 11. Qd2 Be7 12. O-O-O Nde5 13. Bg3 b5 14. f4 Nc4 15.
Bxc4 bxc4 16. Nd4 Bd7 17. Nf3 Rb8 18. f5 Qb6 19. b3 O-O 20. f6 gxf6 21. gxf6
Bxf6 22. Rhg1 Bg7 23. Bxd6 Qa5 24. e5 Kh8 25. Rxg7 1-0

[Event "Tradewise Gibraltar Masters 14th"]
[Site "Gibraltar"]
[Date "2016.02.01"]
[Round "7.13"]
[White "Grandelius, Nils"]
[Black "Gopal, Geetha Narayanan"]
[Result "1-0"]
[WhiteElo "2635"]
[BlackElo "2525"]
[PlyCount "95"]
[EventDate "2016.01.26"]
[EventType "swiss"]
[EventRounds "10"]
[EventCountry "GGB"]
[Source "www.saund.co.uk"]
[SourceDate "2005.02.07"]

1. Nf3 Nf6 2. c4 c5 3. Nc3 d5 4. cxd5 Nxd5 5. e4 Nb4 6. Bc4 Be6 7. Bb5+ Bd7 8.
a3 N4c6 9. d4 cxd4 10. Nxd4 g6 11. O-O Bg7 12. Nb3 O-O 13. Be3 Be6 14. Nc5 Nd4
15. Qa4 Bc8 16. Rad1 e5 17. Nb3 a6 18. Nxd4 exd4 19. Bxd4 Bxd4 20. Rxd4 axb5
21. Qxa8 Qxd4 22. Qxb8 b4 23. Rd1 Qc5 24. axb4 Qxb4 25. Rd2 Be6 26. Qe5 b6 27.
h3 Qc5 28. Qf6 Qc7 29. e5 Re8 30. Rd6 h5 31. Kh2 Qc5 32. Ne4 Qc4 33. Qf3 Kg7
34. Rxb6 Qd4 35. Rb5 Bf5 36. Nd6 Rxe5 37. Nxf5+ Rxf5 38. Rxf5 gxf5 39. Qc3 Qxc3
40. bxc3 f4 41. Kg1 Kf6 42. Kf1 Ke5 43. Ke2 Ke4 44. f3+ Kd5 45. Kd3 f5 46. h4
Kc5 47. c4 Kb4 48. Kd4 1-0

[Event "Tradewise Gibraltar Masters 14th"]
[Site "Gibraltar"]
[Date "2016.02.01"]
[Round "7.14"]
[White "Gledura, Benjamin"]
[Black "Anand, Viswanathan"]
[Result "1-0"]
[WhiteElo "2515"]
[BlackElo "2784"]
[PlyCount "95"]
[EventDate "2016.01.26"]
[EventType "swiss"]
[EventRounds "10"]
[EventCountry "GGB"]
[Source "www.saund.co.uk"]
[SourceDate "2005.02.07"]

1. d4 d5 2. c4 c6 3. Nf3 Nf6 4. Nc3 e6 5. e3 Nbd7 6. Qc2 Bd6 7. Bd3 O-O 8. O-O
e5 9. cxd5 cxd5 10. e4 exd4 11. Nxd5 Nxd5 12. exd5 h6 13. Nxd4 Qh4 14. Nf3 Qh5
15. Bh7+ Kh8 16. Qf5 Qxf5 17. Bxf5 Nf6 18. Bxc8 Rfxc8 19. Rd1 Rd8 20. Be3 Be7
21. d6 Rxd6 22. Rxd6 Bxd6 23. Rd1 Bc7 24. Kf1 a6 25. h3 Kg8 26. b3 Rd8 27.
Rxd8+ Bxd8 28. Ke2 h5 29. Bg5 Kf8 30. Kd3 Ke8 31. Bxf6 Bxf6 32. Ke4 Bd8 33. Ne5
Ke7 34. Kd5 Bb6 35. Nd3 Kd7 36. Nc5+ Bxc5 37. Kxc5 Kc7 38. h4 Kd7 39. Kb6 Kc8
40. b4 Kb8 41. f3 Kc8 42. g4 hxg4 43. fxg4 Kb8 44. h5 f6 45. a4 Kc8 46. Ka7 Kc7
47. b5 a5 48. Ka8 1-0

[Event "Tradewise Gibraltar Masters 14th"]
[Site "Gibraltar"]
[Date "2016.02.01"]
[Round "7.15"]
[White "Harika, Dronavalli"]
[Black "Fressinet, Laurent"]
[Result "1/2-1/2"]
[WhiteElo "2511"]
[BlackElo "2700"]
[PlyCount "60"]
[EventDate "2016.01.26"]
[EventType "swiss"]
[EventRounds "10"]
[EventCountry "GGB"]
[Source "www.saund.co.uk"]
[SourceDate "2005.02.07"]

1. e4 c5 2. Nf3 Nc6 3. d4 cxd4 4. Nxd4 Qb6 5. Nb3 Nf6 6. Nc3 e6 7. Qe2 Qc7 8.
Bd2 a6 9. g4 d6 10. f4 b5 11. g5 Nd7 12. Be3 Bb7 13. Bg2 g6 14. O-O h6 15. gxh6
Bxh6 16. Nd1 Nb6 17. Nd2 Bg7 18. c3 Ne7 19. Qf2 Nd7 20. a4 Nf6 21. h3 d5 22.
axb5 axb5 23. Rxa8+ Bxa8 24. Bb6 Qc8 25. e5 Nh5 26. Ne3 O-O 27. Qh4 f6 28. Nf3
Nc6 29. exf6 Rxf6 30. f5 Qb8 1/2-1/2

[Event "Tradewise Gibraltar Masters 14th"]
[Site "Gibraltar"]
[Date "2016.02.01"]
[Round "7.16"]
[White "Short, Nigel D"]
[Black "Bai, Jinshi"]
[Result "1-0"]
[WhiteElo "2684"]
[BlackElo "2507"]
[PlyCount "97"]
[EventDate "2016.01.26"]
[EventType "swiss"]
[EventRounds "10"]
[EventCountry "GGB"]
[Source "www.saund.co.uk"]
[SourceDate "2005.02.07"]

1. e4 c5 2. Nf3 e6 3. g3 Nc6 4. Bg2 Nf6 5. d3 d6 6. O-O Be7 7. c3 O-O 8. a4 a6
9. Re1 Bd7 10. Na3 Rc8 11. Bd2 e5 12. h3 h6 13. Nh4 Re8 14. Nc4 Bf8 15. a5 Be6
16. Nb6 Rb8 17. Nd5 Nd7 18. Qa4 g6 19. f4 exf4 20. Nxf4 Bg7 21. Be3 Nf8 22.
Nxe6 Nxe6 23. Rf1 Be5 24. Bf2 Qd7 25. Nf3 Ng5 26. Nxe5 Rxe5 27. g4 h5 28. Qd1
hxg4 29. Qxg4 Qxg4 30. hxg4 c4 31. d4 Rxa5 32. Rxa5 Nxa5 33. Bh4 Ne6 34. Be7
Nb3 35. Bxd6 Rd8 36. Be7 Rd7 37. Bf6 b5 38. Kf2 Ng7 39. Rh1 a5 40. e5 Rc7 41.
Bd5 a4 42. Rh6 Rd7 43. Bc6 Rc7 44. Bxb5 Nc1 45. Ke3 Nd3 46. d5 Rc5 47. Bc6 Nxb2
48. d6 Nd1+ 49. Kd2 1-0

[Event "Tradewise Gibraltar Masters 14th"]
[Site "Gibraltar"]
[Date "2016.02.01"]
[Round "7.17"]
[White "Kamsky, Gata"]
[Black "Nakar, Eylon"]
[Result "1-0"]
[WhiteElo "2665"]
[BlackElo "2479"]
[PlyCount "85"]
[EventDate "2016.01.26"]
[EventType "swiss"]
[EventRounds "10"]
[EventCountry "GGB"]
[Source "www.saund.co.uk"]
[SourceDate "2005.02.07"]

1. d4 Nf6 2. Nf3 d5 3. c4 e6 4. g3 Be7 5. Bg2 O-O 6. O-O dxc4 7. Qc2 a6 8. a4
Bd7 9. Qxc4 Bc6 10. Bg5 Nbd7 11. Nc3 h6 12. Bxf6 Nxf6 13. b4 Bd5 14. Nxd5 exd5
15. Qb3 c6 16. e3 Ne4 17. Rfc1 Qb6 18. Rab1 Rfd8 19. Bf1 Bd6 20. Rc2 Nf6 21.
Bg2 Ne4 22. Ne1 a5 23. b5 Rab8 24. Nd3 Rdc8 25. Bxe4 dxe4 26. Nc5 Bxc5 27. Rxc5
cxb5 28. Rxb5 Qc7 29. Rc5 Qd8 30. Re5 Rc6 31. Rxe4 Rbc8 32. d5 Rc5 33. Rd4 R8c7
34. d6 Rd7 35. Qd3 Rc6 36. Rd1 Qf6 37. Kg2 Qe6 38. h4 h5 39. Rd5 g6 40. e4 Qg4
41. Qd4 b6 42. Re5 Rd8 43. d7 1-0

[Event "Tradewise Gibraltar Masters 14th"]
[Site "Gibraltar"]
[Date "2016.02.01"]
[Round "7.18"]
[White "Aravindh, Chithambaram Vr"]
[Black "Duda, Jan-Krzysztof"]
[Result "1/2-1/2"]
[WhiteElo "2500"]
[BlackElo "2660"]
[PlyCount "80"]
[EventDate "2016.01.26"]
[EventType "swiss"]
[EventRounds "10"]
[EventCountry "GGB"]
[Source "www.saund.co.uk"]
[SourceDate "2005.02.07"]

1. e4 c5 2. Nf3 d6 3. d4 cxd4 4. Nxd4 Nf6 5. Nc3 Bd7 6. Bg5 e6 7. Be2 Be7 8.
O-O O-O 9. Qd2 a6 10. Rad1 Nc6 11. Nb3 b5 12. a3 Rc8 13. Kh1 Qc7 14. Bxf6 gxf6
15. f4 Kh8 16. Bh5 Nd8 17. Nd4 Nc6 18. Nde2 Be8 19. f5 Rg8 20. Nf4 Qd7 21. Nce2
Rg5 22. h4 Rg7 23. Bf3 Ne5 24. Nh5 Rg8 25. Nd4 Bd8 26. Qh6 Qe7 27. Be2 Rc5 28.
b4 Rc3 29. fxe6 fxe6 30. Qxf6+ Qxf6 31. Nxf6 Bxf6 32. Rxf6 Bg6 33. Bf3 Re3 34.
Nxe6 Bxe4 35. Ng5 Rxg5 36. hxg5 Nxf3 37. gxf3 Bxf3+ 38. Rxf3 Rxf3 39. Rxd6 Rxa3
40. Rc6 Kg7 1/2-1/2

[Event "Tradewise Gibraltar Masters 14th"]
[Site "Gibraltar"]
[Date "2016.02.01"]
[Round "7.19"]
[White "Gunina, Valentina"]
[Black "Sutovsky, Emil"]
[Result "1/2-1/2"]
[WhiteElo "2496"]
[BlackElo "2647"]
[PlyCount "71"]
[EventDate "2016.01.26"]
[EventType "swiss"]
[EventRounds "10"]
[EventCountry "GGB"]
[Source "www.saund.co.uk"]
[SourceDate "2005.02.07"]

1. d4 Nf6 2. c4 g6 3. Nc3 d5 4. cxd5 Nxd5 5. g3 Bg7 6. Bg2 Nxc3 7. bxc3 c5 8.
e3 Qa5 9. Bd2 O-O 10. Nh3 Qa6 11. Qe2 Qxe2+ 12. Kxe2 Bg4+ 13. f3 Bd7 14. f4 Nc6
15. Rab1 Na5 16. Nf2 a6 17. Rhc1 Bb5+ 18. Ke1 Rab8 19. Bd5 e6 20. c4 exd5 21.
cxb5 Nc4 22. dxc5 axb5 23. Rxb5 Ra8 24. Rxb7 Rxa2 25. Bb4 Re8 26. c6 Bb2 27.
Rb1 Bc3+ 28. Bxc3 Rxe3+ 29. Kd1 Rxc3 30. Ng4 Rcc2 31. c7 Nd6 32. Nf6+ Kg7 33.
R7b2 Raxb2 34. Rxb2 Rxc7 35. Nxd5 Rd7 36. Ke2 1/2-1/2

[Event "Tradewise Gibraltar Masters 14th"]
[Site "Gibraltar"]
[Date "2016.02.01"]
[Round "7.20"]
[White "Jones, Gawain C B"]
[Black "Goryachkina, Aleksandra"]
[Result "1-0"]
[WhiteElo "2625"]
[BlackElo "2502"]
[PlyCount "69"]
[EventDate "2016.01.26"]
[EventType "swiss"]
[EventRounds "10"]
[EventCountry "GGB"]
[Source "www.saund.co.uk"]
[SourceDate "2005.02.07"]

1. c4 e6 2. g3 d5 3. Bg2 Nf6 4. Nf3 dxc4 5. Qa4+ Bd7 6. Qxc4 c5 7. Ne5 Qc8 8.
b3 Nc6 9. Nxd7 Qxd7 10. Bb2 Be7 11. d3 Rc8 12. Nd2 O-O 13. O-O Rfd8 14. Qc2 Nd4
15. Qd1 h6 16. a3 b6 17. Re1 Rc7 18. Nc4 Qc8 19. Rc1 Ne8 20. Ne5 Bf6 21. f4
Bxe5 22. fxe5 Qd7 23. e3 Nf5 24. Be4 Rcc8 25. Qf3 Ne7 26. Qh5 Nc7 27. Rc2 Ncd5
28. g4 Ng6 29. Rf2 Qe7 30. Ref1 Nh8 31. Rf6 gxf6 32. exf6 Qf8 33. Rf3 Rd7 34.
Rh3 Nc7 35. Qg5+ 1-0

[Event "Tradewise Gibraltar Masters 14th"]
[Site "Gibraltar"]
[Date "2016.02.01"]
[Round "7.21"]
[White "Iturrizaga Bonelli, Eduardo"]
[Black "Ly, Moulthun"]
[Result "1/2-1/2"]
[WhiteElo "2624"]
[BlackElo "2474"]
[PlyCount "65"]
[EventDate "2016.01.26"]
[EventType "swiss"]
[EventRounds "10"]
[EventCountry "GGB"]
[Source "www.saund.co.uk"]
[SourceDate "2005.02.07"]

1. Nf3 d5 2. c4 d4 3. b4 f6 4. d3 e5 5. a3 c5 6. bxc5 Bxc5 7. g3 Ne7 8. Bg2 O-O
9. O-O Nec6 10. Nbd2 Be7 11. Ne1 Na6 12. Nc2 Be6 13. Rb1 Rb8 14. f4 Qd7 15. Ne4
h6 16. Bd2 f5 17. Nf2 e4 18. dxe4 fxe4 19. Bxe4 Bxc4 20. Nb4 Nc5 21. Bf3 Nxb4
22. axb4 Na4 23. Ng4 Bf6 24. Qc2 b5 25. Qg6 Kh8 26. Be4 Bg8 27. Rbc1 Nc3 28.
Bd3 Qe7 29. Rfe1 Rb6 30. Nxf6 Rbxf6 31. Qh5 Ne4 32. Bxe4 Qxe4 33. Qe5 1/2-1/2

[Event "Tradewise Gibraltar Masters 14th"]
[Site "Gibraltar"]
[Date "2016.02.01"]
[Round "7.22"]
[White "Edouard, Romain"]
[Black "Akesson, Ralf"]
[Result "1/2-1/2"]
[WhiteElo "2617"]
[BlackElo "2435"]
[PlyCount "84"]
[EventDate "2016.01.26"]
[EventType "swiss"]
[EventRounds "10"]
[EventCountry "GGB"]
[Source "www.saund.co.uk"]
[SourceDate "2005.02.07"]

1. d4 Nf6 2. c4 e6 3. Nf3 b6 4. a3 Bb7 5. Nc3 d5 6. cxd5 Nxd5 7. Qc2 Nxc3 8.
bxc3 Nd7 9. e4 g6 10. h4 h6 11. Bd3 Bg7 12. Be3 c5 13. Rd1 cxd4 14. cxd4 Rc8
15. Qe2 Qe7 16. O-O O-O 17. Qd2 Nf6 18. Bxh6 Nxe4 19. Qf4 Qf6 20. Rc1 Qxf4 21.
Bxf4 Nc3 22. Bd2 Bxf3 23. Bxc3 Bb7 24. Bb2 Rfd8 25. Rxc8 Rxc8 26. Rd1 Bf6 27.
g3 Bf3 28. Re1 Rd8 29. Be4 Bxe4 30. Rxe4 Rd5 31. Bc3 Rb5 32. Bb4 Rd5 33. Bc3
Rb5 34. Bb4 a5 35. Bd6 Rd5 36. Be5 Be7 37. Bc7 Bxa3 38. Bxb6 a4 39. Re2 Rd6 40.
Ra2 Rxb6 41. Rxa3 Ra6 42. Kf1 Kg7 1/2-1/2

[Event "Tradewise Gibraltar Masters 14th"]
[Site "Gibraltar"]
[Date "2016.02.01"]
[Round "7.23"]
[White "Kashlinskaya, Alina"]
[Black "Sandipan, Chanda"]
[Result "0-1"]
[WhiteElo "2462"]
[BlackElo "2583"]
[PlyCount "86"]
[EventDate "2016.01.26"]
[EventType "swiss"]
[EventRounds "10"]
[EventCountry "GGB"]
[Source "www.saund.co.uk"]
[SourceDate "2005.02.07"]

1. d4 f5 2. c4 Nf6 3. Nc3 e6 4. Nf3 Bb4 5. Qb3 c5 6. g3 Nc6 7. dxc5 Ne4 8. Bg2
Nxc3 9. bxc3 Bxc5 10. O-O b6 11. Qa4 Bb7 12. Ne5 Qc8 13. Nd3 Na5 14. Nxc5 Qxc5
15. Be3 Qc7 16. c5 Bxg2 17. Kxg2 O-O 18. Rfd1 Rf7 19. cxb6 axb6 20. Rab1 Rb8
21. Rd4 b5 22. Qd1 Nc4 23. a4 Nxe3+ 24. fxe3 Qxc3 25. axb5 Qxe3 26. b6 d5 27.
Rb3 Qe5 28. Qd2 h6 29. e3 Rfb7 30. Rdb4 Qd6 31. Qb2 Kh7 32. Rb5 Rc8 33. Ra5 Rc4
34. Ra7 Qc6 35. Kh3 Rc2 36. Qd4 Rxa7 37. bxa7 Qa6 38. Qd1 Ra2 39. g4 Qxa7 40.
gxf5 Qc7 41. Qg1 exf5 42. Qg3 Qd7 43. Qf4 Qf7 0-1

[Event "Tradewise Gibraltar Masters 14th"]
[Site "Gibraltar"]
[Date "2016.02.01"]
[Round "7.24"]
[White "Donchenko, Alexander"]
[Black "Hauge, Lars Oskar"]
[Result "1/2-1/2"]
[WhiteElo "2570"]
[BlackElo "2388"]
[PlyCount "78"]
[EventDate "2016.01.26"]
[EventType "swiss"]
[EventRounds "10"]
[EventCountry "GGB"]
[Source "www.saund.co.uk"]
[SourceDate "2005.02.07"]

1. d4 Nf6 2. Nf3 g6 3. g3 Bg7 4. Bg2 O-O 5. c4 d6 6. Nc3 c5 7. d5 a6 8. a4 e6
9. O-O exd5 10. cxd5 Nbd7 11. Bf4 Qc7 12. Qd2 Re8 13. Rfc1 Ng4 14. Rab1 Nde5
15. b4 c4 16. Ne1 Qb6 17. Nd1 Bf5 18. e4 Bd7 19. h3 Nf6 20. Be3 Qd8 21. f4 Nd3
22. Nxd3 cxd3 23. Nc3 Rc8 24. Qxd3 Rxc3 25. Qxc3 Nxe4 26. Qc7 Nxg3 27. Qxd8
Rxd8 28. Rc7 Bxa4 29. Rxb7 Re8 30. Kf2 Nf5 31. Ba7 Bh6 32. Re1 Rxe1 33. Kxe1
Bxf4 34. Bf1 Bb3 35. Bxa6 Bxd5 36. Rb8+ Kg7 37. b5 Bc4 38. Bf2 Ne3 39. Re8 Ng2+
1/2-1/2

[Event "Tradewise Gibraltar Masters 14th"]
[Site "Gibraltar"]
[Date "2016.02.01"]
[Round "7.25"]
[White "Krush, Irina"]
[Black "Oparin, Grigoriy"]
[Result "1-0"]
[WhiteElo "2458"]
[BlackElo "2565"]
[PlyCount "81"]
[EventDate "2016.01.26"]
[EventType "swiss"]
[EventRounds "10"]
[EventCountry "GGB"]
[Source "www.saund.co.uk"]
[SourceDate "2005.02.07"]

1. Nf3 d5 2. g3 c6 3. Bg2 Bg4 4. d3 Nd7 5. Nbd2 Ngf6 6. O-O e5 7. h3 Bh5 8. e4
Bd6 9. exd5 cxd5 10. c4 d4 11. b4 O-O 12. c5 Bc7 13. Bb2 Re8 14. Qb3 a5 15. a3
b5 16. Rae1 Ra6 17. Nh4 Rae6 18. Ndf3 a4 19. Qa2 Nb8 20. Ng5 Ra6 21. Bc1 h6 22.
Ne4 Nxe4 23. Bxe4 Rf6 24. g4 Rfe6 25. Nf5 Bg6 26. Qd5 Nc6 27. Qxd8 Nxd8 28. f4
Bxf5 29. gxf5 Rf6 30. fxe5 Bxe5 31. Bd5 Kf8 32. Re4 Ra6 33. Rfe1 f6 34. Bf4 Nf7
35. Bxf7 Kxf7 36. Bxe5 fxe5 37. Rxe5 Rd8 38. Re6 Rxe6 39. Rxe6 Rd5 40. c6 Rxf5
41. c7 1-0